=LDR 00000nam 2200000 4500 =001 INLIS000000000036794 =005 20130612142547 =008 ***********************************Ind** =035 ##$$a0010-061300000036794 =041 ##$$a Ind =082 ##$$a 613.321 =090 ##$$a 613.321, Rah r =245 ##$$a Rahasia sehat dengan makanan berkhasiat, editor, Irawan Suhanda =260 ##$$a 2009 $b Jakarta =300 ##$$a 376 hlm, ilus, 22 cm =650 ##$$a Herba-penggunaan terapi =850 ##$$a NBPNMAT =990 ##$$a 21400613/BPAP-NTB/20142014